Chile 3D : historia en una nueva dimensión : descubrimiento y conquista /
Se reconstruyen aquí pasajes destacados de la historia de la conquista española del actual territorio de Chile, ilustrándolos con imágenes de tercera dimensión desarrolladas por computadora.
Na minha lista:
| Autor principal: | |
|---|---|
| Formato: | Livro |
| Idioma: | espanhol |
| Publicado em: |
Santiago, Chile :
3DreamChile,
2003, c2003
|
| Assuntos: | |
| Tags: |
Sem tags, seja o primeiro a adicionar uma tag!
|
MARC
| LEADER | 00000nam^a2200000^a^4500 | ||
|---|---|---|---|
| 001 | 000188395 | ||
| 005 | 20250521000000.0 | ||
| 009 | 20260310102334.973 | ||
| 020 | |a 956-291-951-X | ||
| 037 | |a Acervo ITESO - Biblioteca | ||
| 041 | |a ESP | ||
| 082 | |a 983. 02 |b CON | ||
| 100 | |a Contreras Salinas, Carlos |e (autor) | ||
| 245 | 1 | 0 | |a Chile 3D : |b historia en una nueva dimensión : descubrimiento y conquista / |c C. Contreras Salinas. |
| 264 | 4 | |a Santiago, Chile : |b 3DreamChile, |c 2003, c2003 | |
| 300 | |a [26] p. | ||
| 336 | |a texto |b txt |2 rdacontenido | ||
| 337 | |a sin mediación |b n |2 rdamedio | ||
| 338 | |a volumen |b nc |2 rdasoporte | ||
| 520 | |a Se reconstruyen aquí pasajes destacados de la historia de la conquista española del actual territorio de Chile, ilustrándolos con imágenes de tercera dimensión desarrolladas por computadora. | ||
| 649 | |a XX | ||
| 650 | |a Tercera Dimensión | ||
| 650 | |a Manipulación de Imagen por Computadora | ||
| 650 | |a Chile - |x Historia - |y Descubrimiento y Conquista, 1520-1560 | ||
| 910 | |a Fondo General | ||
| 920 | |a Impresos - Libros | ||
| 930 | |a Colección General | ||
| 905 | |a 101 | ||
| 901 | |a 0500131085 |b IT1 |c ACC |u 20250521 | ||
| 902 | |a https://opac.biblio.iteso.mx/vufind/Record/000188395 | ||